Tractvs maioratvvm et miolatiovm hispaniae tomus secvndvs (Record no. 8231)

MARC details
000 -CABECERA
campo de control de longitud fija 01291nam a2200325 a 4500
001 - NÚMERO DE CONTROL
campo de control BRCA_8568
005 - FECHA Y HORA DE LA ÚLTIMA TRANSACCIÓN
campo de control 20190320210331.0
008 - DATOS DE LONGITUD FIJA--INFORMACIÓN GENERAL
campo de control de longitud fija 180816s1620----sp-#######---#000-0#lat-#
041 ## - CÓDIGO DE LENGUA
Código de lengua del texto/banda sonora o título independiente lat
044 ## - CÓDIGO DEL PAÍS DE LA ENTIDAD EDITORA/PRODUCTORA
Código MARC del país sp
050 #4 - SIGNATURA TOPOGRÁFICA DE LA BIBLIOTECA DEL CONGRESO
Número de clasificación K623
Número de documento/Ítem .M45
-- 1620
100 1# - ENTRADA PRINCIPAL--NOMBRE DE PERSONA
Nombre de persona Pelaez a Meres, Melchiore
9 (RLIN) 21456
245 10 - MENCIÓN DE TÍTULO
Título Tractvs maioratvvm et miolatiovm hispaniae tomus secvndvs
Mención de responsabilidad, etc. Melchiore Pelaez a Meres.
260 ## - PUBLICACIÓN, DISTRIBUCIÓN, ETC.
Lugar de publicación, distribución, etc. Matriti
Nombre del editor, distribuidor, etc. Excudebat ludovicus sanctius typographus regius, cuisdem & ioannis de bonilla bibliopola sumptibus
Fecha de publicación, distribución, etc. 1620
300 ## - DESCRIPCIÓN FÍSICA
Extensión T.II, 313 p.
Dimensiones 30 cm
500 ## - NOTA GENERAL
Nota general Fondo antiguo
500 ## - NOTA GENERAL
Nota general Se encuentra en Caja Fuerte
500 ## - NOTA GENERAL
Nota general CO-16-93
500 ## - NOTA GENERAL
Nota general Tomo segundo parte tercera y cuarta
500 ## - NOTA GENERAL
Nota general Con dedicatoria al ad illvstrissimv D.D. Ionnnem Beltran de Gueuara Archiepiscorum compostellarunm, Regia Maiestati a Consilys, ieusqe primarium capellanum
500 ## - NOTA GENERAL
Nota general En portada: cvm privilegio
500 ## - NOTA GENERAL
Nota general Libro impreso a dos columnas
500 ## - NOTA GENERAL
Nota general Incluye índice alfabético
500 ## - NOTA GENERAL
Nota general Nota de encuadernación: en piel pergamino
506 0# - NOTA DE RESTRICCIONES AL ACCESO
Limitaciones de acceso Fondo reservado: para su consulta es necesario credencial de usuario y carta de motivos
650 14 - PUNTO DE ACCESO ADICIONAL DE MATERIA--TÉRMINO DE MATERIA
Término de materia o nombre geográfico como elemento de entrada Derecho civil
Término indicativo de función/relación Historia
9 (RLIN) 21457
650 14 - PUNTO DE ACCESO ADICIONAL DE MATERIA--TÉRMINO DE MATERIA
Término de materia o nombre geográfico como elemento de entrada Leyes
Subdivisión geográfica España
9 (RLIN) 21458
902 ## - CATALOGADOR
Iniciales LAR
942 ## - ELEMENTOS DE PUNTO DE ACCESO ADICIONAL (KOHA)
Fuente del sistema de clasificación o colocación Library of Congress Classification
Tipo de ítem Koha Libros
Holdings
Estado de retiro Estado de pérdida Estado dañado No para préstamo Localización permanente Ubicación/localización actual Fecha de adquisición Número de inventario Total de préstamos Signatura topográfica completa Código de barras Fecha visto por última vez Precio válido a partir de Tipo de ítem Koha
El ejemplar forma parte de la colección y puede ser consultado según las políticas vigentes.       Biblioteca del Museo Franz Mayer (Rogerio Casas-Alatriste) Biblioteca del Museo Franz Mayer (Rogerio Casas-Alatriste) 18/08/2016 CO-16-93   K623 .M45 1620 (CO-16-93) LAR00072 22/03/2019 22/03/2019 Libros